|
|
|
|
| LEADER |
02202cas a2200301 a 4500 |
| 001 |
AALejournalIMF021608 |
| 008 |
230101c9999 xx r poo 0 0eng d |
| 020 |
|
|
|c 5.00 USD
|
| 020 |
|
|
|z 9781513573045
|
| 022 |
|
|
|a 1934-7685
|
| 040 |
|
|
|a BD-DhAAL
|c BD-DhAAL
|
| 110 |
2 |
|
|a International Monetary Fund.
|b African Dept.
|
| 245 |
1 |
0 |
|a Botswana :
|b 2021 Article IV Consultation-Press Release; Staff Report; and Statement by the Executive Director for Botswana.
|
| 264 |
|
1 |
|a Washington, D.C. :
|b International Monetary Fund,
|c 2021.
|
| 300 |
|
|
|a 1 online resource (67 pages)
|
| 490 |
1 |
|
|a IMF Staff Country Reports
|
| 500 |
|
|
|a <strong>Off-Campus Access:</strong> No User ID or Password Required
|
| 500 |
|
|
|a <strong>On-Campus Access:</strong> No User ID or Password Required
|
| 506 |
|
|
|a Electronic access restricted to authorized BRAC University faculty, staff and students
|
| 520 |
3 |
|
|a Botswana entered the COVID-19 crisis with larger buffers than most countries, but significantly less than in the past. The country was contending with structural challenges, persistent negative external shocks and delays in adjustment that had already caused a significant weakening of international reserves coverage and the fiscal position amid high unemployment. The pandemic exacerbated these challenges causing a sharp GDP contraction, among the strongest in SSA and a widening in the current account deficit. Foreign exchange reserves dropped further, though still remaining well above adequate levels. The fiscal deficit widened significantly as the government sought to counter the economic impact of the COVID-19 crisis, and implemented a sizeable public wage increase agreed in 2019. The deficit was financed partially by drawing down on the Government Investment Account.
|
| 538 |
|
|
|a Mode of access: Internet
|
| 650 |
|
7 |
|a International Agreements
|2 imf
|
| 650 |
|
7 |
|a International Organizations
|2 imf
|
| 650 |
|
7 |
|a Monetary Policy
|2 imf
|
| 650 |
|
7 |
|a Observance
|2 imf
|
| 651 |
|
7 |
|a Botswana
|2 imf
|
| 830 |
|
0 |
|a IMF Staff Country Reports; Country Report ;
|v No. 2021/098
|
| 856 |
4 |
0 |
|z Full text available on IMF
|u http://elibrary.imf.org/view/journals/002/2021/098/002.2021.issue-098-en.xml
|z IMF e-Library
|